[Event "SN-2010-0-00269"]
[Site "LSS email"]
[Date "2010.08.20"]
[Round "?"]
[White "Baznik Wilson, Anthony J"]
[Black "Lisnevsky, Alexander"]
[Result "1-0"]
[WhiteElo "1032"]
[BlackElo "888"]
[PlyCount "43"]
[EventDate "2010.08.05"]
[EventType "tourn (corr)"]
[EventRounds "6"]
[EventCountry "GER"]
[SourceTitle "Telechess CBM 143"]
[Source "ChessBase"]
[SourceDate "2011.07.15"]
[SourceVersion "1"]
[SourceVersionDate "2011.07.15"]
[SourceQuality "1"]

1. e4 e5 2. Nf3 Nf6 3. Nxe5 Qe7 4. Nf3 Qxe4+ 5. Be2 Bc5 6. d4 Bb6 7. Nc3 Qe6 8. 0-0 0-0 9. Re1 d5 10. Bd3 Qc6 11. Bf4 Ba5 12. Ne5 Qb6 13. Na4 Qb4 14. c3 Qd6 15. Ng6 Qd8 16. Nxf8 Kxf8 17. Qf3 Bg4 18. Qe3 c6 19. Nc5 b6 20. Nb7 Qd7 21. Bxh7 Qxb7 22. Bd6+ 1-0

[Event "SN-2010-0-00269"]
[Site "LSS email"]
[Date "2010.08.20"]
[Round "?"]
[White "Venturas, Bob"]
[Black "Lisnevsky, Alexander"]
[Result "1-0"]
[WhiteElo "667"]
[BlackElo "895"]
[PlyCount "57"]
[EventDate "2010.08.05"]
[EventType "tourn (corr)"]
[EventRounds "6"]
[EventCountry "GER"]
[SourceTitle "Telechess CBM 143"]
[Source "ChessBase"]
[SourceDate "2011.07.15"]
[SourceVersion "1"]
[SourceVersionDate "2011.07.15"]
[SourceQuality "1"]

1. e4 e5 2. Nf3 Nf6 3. Qe2 b6 4. Nc3 Bb7 5. d3 Bb4 6. Bd2 0-0 7. Nxe5 Nc6 8. Nxc6 Bxc6 9. g3 a5 10. a3 Bxc3 11. Bxc3 d5 12. e5 d4 13. Rg1 Re8 14. 0-0-0 dxc3 15. b3 b5 16. d4 Ne4 17. Bg2 Qg5+ 18. f4 Qf5 19. d5 Bxd5 20. Rxd5 c6 21. Bxe4 Qe6 22. Rd6 Qe7 23. Bxc6 Rad8 24. Rgd1 Rf8 25. Qxb5 Rxd6 26. Rxd6 Rd8 27. Qd3 Rxd6 28. Qxd6 Kf8 29. Qb8+ 1-0

[Event "LSS SF-2010-0-00062"]
[Site "LSS email"]
[Date "2010.07.11"]
[Round "?"]
[White "Pietrzak, Wojciech"]
[Black "Lisnevsky, Alexander"]
[Result "1-0"]
[WhiteElo "1170"]
[BlackElo "855"]
[PlyCount "91"]
[EventDate "2010.06.01"]
[EventType "tourn (corr)"]
[EventRounds "6"]
[EventCountry "GER"]
[SourceTitle "Telechess CBM 145"]
[Source "Chessbase"]
[SourceDate "2011.11.11"]
[SourceVersion "1"]
[SourceVersionDate "2011.11.11"]
[SourceQuality "1"]

1. e4 e5 2. Nf3 Nf6 3. Nxe5 Qe7 4. d4 Nxe4 5. Qe2 d5 6. Nc3 c6 7. Nxe4 dxe4 8. Be3 c5 9. Qb5+ Nd7 10. Nxd7 Qxd7 11. Qxd7+ Bxd7 12. dxc5 Be7 13. Bc4 0-0 14. Bd5 Bc6 15. c4 Rad8 16. 0-0-0 a5 17. Bxc6 bxc6 18. Rxd8 Rxd8 19. Rd1 Rb8 20. Bf4 Rb7 21. Bd6 Bh4 22. b3 Bxf2 23. Bg3 Be3+ 24. Kc2 f5 25. Rd8+ Kf7 26. Bd6 Kg6 27. Rc8 a4 28. Rxc6 axb3+ 29. axb3 Kg5 30. Kc3 f4 31. b4 f3 32. gxf3 exf3 33. Bg3 f2 34. Bxf2 Bxf2 35. Ra6 Be1+ 36. Kd4 Rxb4 37. Ra7 Kh6 38. Kd5 Bf2 39. Rf7 Be3 40. c6 Rb8 41. Ke6 Kg6 42. Rf3 Bg1 43. Rg3+ Kh6 44. Rxg1 g6 45. c7 Rc8 46. Kd7 1-0

[Event "LSS SF-2010-0-00054"]
[Site "LSS email"]
[Date "2010.05.12"]
[Round "?"]
[White "Lisnevsky, Alexander"]
[Black "Nolf, Francky"]
[Result "1/2-1/2"]
[WhiteElo "911"]
[BlackElo "1008"]
[PlyCount "89"]
[EventDate "2010.03.27"]
[EventType "tourn (corr)"]
[EventRounds "6"]
[EventCountry "GER"]
[SourceTitle "Telechess CBM 141"]
[Source "ChessBase"]
[SourceDate "2011.03.17"]
[SourceVersion "1"]
[SourceVersionDate "2011.03.17"]
[SourceQuality "1"]

1. e4 d6 2. Bc4 Nf6 3. Nc3 Nbd7 4. Nh3 h6 5. d3 e5 6. 0-0 Nb6 7. b3 Nxc4 8. bxc4 Bxh3 9. gxh3 Be7 10. Nd5 Nxd5 11. cxd5 Bg5 12. Bxg5 Qxg5+ 13. Qg4 Qxg4+ 14. hxg4 0-0-0 15. a4 b6 16. a5 g6 17. axb6 axb6 18. Ra7 Kd7 19. c4 Rb8 20. f4 Rhf8 21. fxe5 dxe5 22. Rf6 b5 23. cxb5 Rxb5 24. d6 Rc5 25. Kf2 Rc2+ 26. Kg3 Rc3 27. Kh4 Rc5 28. g5 h5 29. dxc7 Rxc7 30. Rfa6 Rb8 31. Rxc7+ Kxc7 32. Ra7+ Rb7 33. Ra5 Kd6 34. Kg3 Rc7 35. Rd5+ Ke6 36. h4 Rc1 37. Kh3 Rh1+ 38. Kg3 Rg1+ 39. Kh3 Rg4 40. Rd8 f6 41. gxf6 Kxf6 42. Rh8 Rg1 43. Rd8 Rd1 44. Kg3 Rg1+ 45. Kh3 1/2-1/2

[Event "LSS SN-2010-0-00244"]
[Site "LSS email"]
[Date "2010.04.29"]
[Round "?"]
[White "Lisnevsky, Alexander"]
[Black "Mori, Roberto"]
[Result "1-0"]
[WhiteElo "892"]
[BlackElo "662"]
[PlyCount "71"]
[EventDate "2010.04.14"]
[EventType "tourn (corr)"]
[EventRounds "6"]
[EventCountry "GER"]
[SourceTitle "Telechess CBM 147"]
[Source "ChessBase"]
[SourceDate "2012.03.16"]
[SourceVersion "1"]
[SourceVersionDate "2012.03.16"]
[SourceQuality "1"]

1. e4 e5 2. Nf3 Nc6 3. Bb5 Bd6 4. Bxc6 bxc6 5. d4 exd4 6. Qxd4 Bf8 7. 0-0 Nf6 8. Bg5 Be7 9. Nbd2 Ba6 10. Rfe1 0-0 11. e5 Nd5 12. Bxe7 Qxe7 13. Qa4 Nb4 14. a3 Nxc2 15. Qxc2 Rab8 16. b4 h6 17. Qa4 Rb6 18. Qc2 Rbb8 19. Re4 Bc8 20. Qc3 Bb7 21. Qd4 Ra8 22. Rf4 a5 23. Ne4 Rfe8 24. Qc4 Ba6 25. Qb3 Rab8 26. Nc5 Be2 27. Re1 Bxf3 28. Rxf3 d6 29. Nd3 Qg5 30. Rxf7 Kh8 31. e6 d5 32. Nc5 Rb5 33. e7 Kg8 34. Rf8+ Rxf8 35. exf8Q+ Kxf8 36. Ne6+ 1-0

[Event "LSS ZN-2009-0-00779"]
[Site "LSS email"]
[Date "2009.10.25"]
[Round "?"]
[White "Ferluga, Sergio"]
[Black "Lisnevsky, Alexander"]
[Result "1-0"]
[WhiteElo "1302"]
[BlackElo "917"]
[PlyCount "59"]
[EventDate "2009.10.19"]
[EventType "match (corr)"]
[EventRounds "2"]
[EventCountry "GER"]
[SourceTitle "Telechess CBM 137"]
[Source "ChessBase"]
[SourceDate "2010.07.15"]
[SourceVersion "1"]
[SourceVersionDate "2010.07.15"]
[SourceQuality "1"]

1. e4 e5 2. Nf3 Nc6 3. Bc4 a6 4. d4 exd4 5. 0-0 Bc5 6. c3 dxc3 7. Bxf7+ Kxf7 8. Qd5+ Ke8 9. Qxc5 cxb2 10. Bxb2 d6 11. Qc4 Nf6 12. Re1 Qe7 13. e5 Nxe5 14. Bxe5 Be6 15. Bxf6 d5 16. Qa4+ b5 17. Bxe7 bxa4 18. Rxe6 Kd7 19. Re5 Rhe8 20. Bc5 Kc6 21. Ba3 Rxe5 22. Nxe5+ Kb7 23. Nc3 c6 24. Nxa4 Re8 25. Bd6 a5 26. Rb1+ Ka8 27. Rb6 Rd8 28. Ra6+ Kb7 29. Nc5+ Kc8 30. Rxc6# 1-0

[Event "LSS SN-2009-0-00186"]
[Site "LSS email"]
[Date "2009.09.19"]
[Round "?"]
[White "Lisnevsky, Alexander"]
[Black "Allwardt, David Lawrence"]
[Result "1-0"]
[WhiteElo "743"]
[BlackElo "888"]
[PlyCount "57"]
[EventDate "2009.09.09"]
[EventType "tourn (corr)"]
[EventRounds "6"]
[EventCountry "GER"]
[SourceTitle "Telechess CBM 137"]
[Source "ChessBase"]
[SourceDate "2010.07.15"]
[SourceVersion "1"]
[SourceVersionDate "2010.07.15"]
[SourceQuality "1"]

1. e4 c5 2. Bc4 Nc6 3. Qh5 e6 4. d3 Nf6 5. Qh4 Be7 6. Bg5 d5 7. Bb5 0-0 8. Bxc6 bxc6 9. e5 Kh8 10. exf6 Bxf6 11. Bxf6 gxf6 12. Nd2 e5 13. 0-0-0 Rg8 14. g3 Rg5 15. f4 Rg4 16. Qh6 Rg6 17. Qh4 Qf8 18. fxe5 fxe5 19. h3 Ba6 20. Ngf3 f6 21. g4 c4 22. dxc4 dxc4 23. c3 Rh6 24. Qf2 Bb5 25. Ne4 f5 26. gxf5 Qxf5 27. Nfg5 Qxf2 28. Nxf2 Rf8 29. Nfe4 1-0

[Event "LSS SN-2009-0-00182"]
[Site "LSS email"]
[Date "2009.09.10"]
[Round "?"]
[White "Lisnevsky, Alexander"]
[Black "Perez, Ignacio"]
[Result "1-0"]
[WhiteElo "914"]
[BlackElo "571"]
[PlyCount "33"]
[EventDate "2009.08.22"]
[EventType "tourn (corr)"]
[EventRounds "6"]
[EventCountry "GER"]
[SourceTitle "Telechess CBM 137"]
[Source "ChessBase"]
[SourceDate "2010.07.15"]
[SourceVersion "1"]
[SourceVersionDate "2010.07.15"]
[SourceQuality "1"]

1. e4 c5 2. Bc4 e6 3. d4 cxd4 4. Qxd4 Nc6 5. Qd1 Nf6 6. Nc3 Bb4 7. Bd2 0-0 8. Nf3 Bxc3 9. Bxc3 d5 10. exd5 exd5 11. Be2 Ne4 12. 0-0 Bf5 13. Bb5 Nxc3 14. bxc3 Qa5 15. Qxd5 Bxc2 16. Bxc6 Qxd5 17. Bxd5 1-0

[Event "LSS SN-2009-0-00182"]
[Site "LSS email"]
[Date "2009.09.10"]
[Round "?"]
[White "Losev, Vyacheslav"]
[Black "Lisnevsky, Alexander"]
[Result "0-1"]
[WhiteElo "652"]
[BlackElo "743"]
[PlyCount "118"]
[EventDate "2009.08.22"]
[EventType "tourn (corr)"]
[EventRounds "6"]
[EventCountry "GER"]
[SourceTitle "Telechess CBM 137"]
[Source "ChessBase"]
[SourceDate "2010.07.15"]
[SourceVersion "1"]
[SourceVersionDate "2010.07.15"]
[SourceQuality "1"]

1. e4 e5 2. Nf3 Nf6 3. Nc3 d6 4. Bc4 c6 5. d3 b5 6. Bb3 a5 7. a3 a4 8. Ba2 Bg4 9. h3 Bxf3 10. Qxf3 Be7 11. 0-0 0-0 12. Bg5 Nbd7 13. Rad1 Ne8 14. Bxe7 Qxe7 15. b3 axb3 16. Bxb3 Rxa3 17. Ra1 Rxa1 18. Rxa1 Nb6 19. Ne2 c5 20. Ng3 Nf6 21. Nf5 Qc7 22. Qg3 Nh5 23. Qg4 g6 24. Nh6+ Kg7 25. Qg5 Qd8 26. Qxd8 Rxd8 27. Nxf7 Rd7 28. Ng5 c4 29. dxc4 bxc4 30. Ba4 Ra7 31. Ne6+ Kf6 32. Rd1 Kxe6 33. Bc6 Nf6 34. f3 d5 35. exd5+ Nbxd5 36. Kf2 Ra2 37. Rd2 c3 38. Re2 Nf4 39. Ke3 Nxe2 40. Kxe2 Rxc2+ 41. Kd3 Rc1 42. Ba4 Kd5 43. Bc2 g5 44. Kxc3 e4 45. Kb2 Rg1 46. fxe4+ Nxe4 47. g4 Rg3 48. Kc1 Kd4 49. Kb2 Rxh3 50. Bb3 Rh2+ 51. Ka3 Kc3 52. Bd5 Nc5 53. Bg8 Rh6 54. Ka2 Ra6+ 55. Kb1 Nb3 56. Bxb3 Kxb3 57. Kc1 Ra2 58. Kb1 Rc2 59. Ka1 Rc1# 0-1

[Event "LSS SN-2009-0-00171"]
[Site "LSS email"]
[Date "2009.07.25"]
[Round "?"]
[White "Ferluga, Sergio"]
[Black "Lisnevsky, Alexander"]
[Result "1-0"]
[WhiteElo "800"]
[BlackElo "743"]
[PlyCount "77"]
[EventDate "2009.07.09"]
[EventType "tourn (corr)"]
[EventRounds "6"]
[EventCountry "GER"]
[SourceTitle "Corr 2011"]
[Source "ChessBase"]
[SourceDate "2010.08.31"]
[SourceVersion "1"]
[SourceVersionDate "2010.08.31"]
[SourceQuality "1"]

1. e4 e5 2. Nf3 Nf6 3. d4 d6 4. Nc3 Bg4 5. dxe5 Bxf3 6. gxf3 dxe5 7. Qxd8+ Kxd8 8. Bg5 Be7 9. 0-0-0+ Nfd7 10. Bxe7+ Kxe7 11. Rg1 g6 12. Nd5+ Kd8 13. Bh3 c6 14. Nf6 Kc7 15. Nxd7 Nxd7 16. Rxd7+ Kb6 17. Rgd1 f6 18. R1d3 Rab8 19. Rb3+ Ka6 20. Bf1+ b5 21. Ra3+ Kb6 22. Raxa7 h5 23. Kd2 Rhd8 24. Ke3 Rxd7 25. Rxd7 Rb7 26. Rxb7+ Kxb7 27. f4 Kb6 28. fxe5 fxe5 29. f4 Kc7 30. fxe5 Kd7 31. Bh3+ Ke7 32. Kd4 g5 33. Bf5 h4 34. Kc5 g4 35. Bxg4 Kd8 36. Kd6 h3 37. Bd7 c5 38. e6 b4 39. e7# 1-0

[Event "LSS SN-2009-0-00165"]
[Site "LSS email"]
[Date "2009.07.02"]
[Round "?"]
[White "Lisnevsky, Alexander"]
[Black "Razo, Ryan Jose"]
[Result "1-0"]
[WhiteElo "743"]
[BlackElo "914"]
[PlyCount "55"]
[EventDate "2009.06.14"]
[EventType "tourn (corr)"]
[EventRounds "6"]
[EventCountry "GER"]
[SourceTitle "Telechess CBM 137"]
[Source "ChessBase"]
[SourceDate "2010.07.15"]
[SourceVersion "1"]
[SourceVersionDate "2010.07.15"]
[SourceQuality "1"]

1. e4 e6 2. Nf3 d5 3. exd5 exd5 4. d4 Bd6 5. Qe2+ Be6 6. Bg5 Nf6 7. Qb5+ Nc6 8. Qxb7 Bd7 9. Qa6 0-0 10. c3 Rb8 11. b4 Re8+ 12. Be2 Bxb4 13. 0-0 Bd6 14. Qd3 Na5 15. Qc2 Be7 16. Ne5 Bb5 17. Bxb5 Rxb5 18. Qa4 c6 19. Nxc6 Qb6 20. Nxa7 Rb8 21. Nxb5 Qxb5 22. Qxb5 Rxb5 23. Nd2 h6 24. Bxf6 Bxf6 25. Rab1 Rb7 26. a4 Rc7 27. Rb5 Nb7 28. Rfb1 1-0

[Event "LSS SN-2009-0-00165"]
[Site "LSS email"]
[Date "2009.06.30"]
[Round "?"]
[White "Lisnevsky, Alexander"]
[Black "Mori, Roberto"]
[Result "1-0"]
[WhiteElo "770"]
[BlackElo "577"]
[PlyCount "63"]
[EventDate "2009.06.14"]
[EventType "tourn (corr)"]
[EventRounds "6"]
[EventCountry "GER"]
[SourceTitle "Corr 2011"]
[Source "ChessBase"]
[SourceDate "2010.08.31"]
[SourceVersion "1"]
[SourceVersionDate "2010.08.31"]
[SourceQuality "1"]

1. e4 e5 2. Nf3 Nc6 3. Bb5 a6 4. Bxc6 dxc6 5. d3 Nf6 6. Nxe5 Bd6 7. Nc4 0-0 8. e5 Qe7 9. Qe2 Re8 10. Bf4 Bc5 11. 0-0 Nd5 12. Bg3 f6 13. Re1 f5 14. h3 b5 15. Ncd2 Nb4 16. Nf3 Qe6 17. a3 Nd5 18. Ng5 Qg6 19. Nf3 Be6 20. d4 Ba7 21. c4 bxc4 22. Qxc4 f4 23. Bh2 Bxh3 24. Nh4 Qg5 25. g3 fxg3 26. Bxg3 Kh8 27. Nf3 Qg6 28. Nbd2 Nf4 29. Qxa6 Bf5 30. Nh4 Nh3+ 31. Kg2 Bxd4 32. Nxg6+ 1-0

[Event "LSS SN-2009-0-00165"]
[Site "LSS email"]
[Date "2009.06.30"]
[Round "?"]
[White "Zukan, Jakob"]
[Black "Lisnevsky, Alexander"]
[Result "1-0"]
[WhiteElo "857"]
[BlackElo "770"]
[PlyCount "59"]
[EventDate "2009.06.14"]
[EventType "tourn (corr)"]
[EventRounds "6"]
[EventCountry "GER"]
[SourceTitle "Corr 2011"]
[Source "ChessBase"]
[SourceDate "2010.08.31"]
[SourceVersion "1"]
[SourceVersionDate "2010.08.31"]
[SourceQuality "1"]

1. d4 e6 2. Nf3 b6 3. Nc3 Bb4 4. e4 Bb7 5. Bd3 Nf6 6. 0-0 Bxc3 7. bxc3 0-0 8. e5 Nd5 9. Ng5 h6 10. Nh7 Re8 11. Bxh6 gxh6 12. Qg4+ Kh8 13. Qh5 Kg7 14. Rae1 Nf4 15. Qg4+ Ng6 16. Nf6 Rh8 17. f4 Nc6 18. Nh5+ Kf8 19. f5 Qh4 20. fxg6 Qxg4 21. Rxf7+ Ke8 22. Nf6+ Kd8 23. Nxg4 Ne7 24. g7 Re8 25. Nf6 Ng8 26. Rf8 Nxf6 27. exf6 c5 28. Rxe8+ Kc7 29. Rxa8 Bxa8 30. g8Q 1-0

[Event "LSS SN-2009-0-00164"]
[Site "LSS email"]
[Date "2009.06.27"]
[Round "?"]
[White "Lisnevsky, Alexander"]
[Black "Garcia, Sergio"]
[Result "1/2-1/2"]
[WhiteElo "770"]
[BlackElo "780"]
[PlyCount "78"]
[EventDate "2009.06.11"]
[EventType "tourn (corr)"]
[EventRounds "6"]
[EventCountry "GER"]
[SourceTitle "Corr 2011"]
[Source "ChessBase"]
[SourceDate "2010.08.31"]
[SourceVersion "1"]
[SourceVersionDate "2010.08.31"]
[SourceQuality "1"]

1. e4 c5 2. Nf3 Nc6 3. Bb5 g6 4. Bxc6 bxc6 5. d3 Bg7 6. 0-0 d6 7. c3 Bg4 8. Be3 Rb8 9. b3 Qa5 10. Qc2 d5 11. exd5 Bxf3 12. gxf3 cxd5 13. d4 cxd4 14. Bxd4 Bxd4 15. cxd4 Nf6 16. Qc6+ Nd7 17. Nc3 e6 18. Na4 Ke7 19. Nc5 Nxc5 20. Qxc5+ Qxc5 21. dxc5 Rhc8 22. Rfc1 Rb5 23. a4 Rxb3 24. Rc2 Rxf3 25. Rb1 Rc7 26. c6 Kd6 27. Rb7 Rxc6 28. Rxc6+ Kxc6 29. Rxa7 h5 30. Kg2 Rf4 31. Kg3 g5 32. f3 h4+ 33. Kg2 f5 34. Ra6+ Kd7 35. a5 h3+ 36. Kg3 e5 37. Rg6 g4 38. fxg4 fxg4 39. a6 Ra4 1/2-1/2

[Event "LSS SN-2009-0-00164"]
[Site "LSS email"]
[Date "2009.06.27"]
[Round "?"]
[White "Vontina, Maria"]
[Black "Lisnevsky, Alexander"]
[Result "0-1"]
[WhiteElo "650"]
[BlackElo "770"]
[PlyCount "70"]
[EventDate "2009.06.11"]
[EventType "tourn (corr)"]
[EventRounds "6"]
[EventCountry "GER"]
[SourceTitle "Corr 2011"]
[Source "ChessBase"]
[SourceDate "2010.08.31"]
[SourceVersion "1"]
[SourceVersionDate "2010.08.31"]
[SourceQuality "1"]

1. e4 e5 2. Nf3 Nc6 3. Bb5 Nd4 4. Nxd4 exd4 5. d3 Bb4+ 6. Nd2 a6 7. 0-0 axb5 8. Nb3 c5 9. Nd2 Nf6 10. f4 d6 11. Nf3 Bg4 12. h3 Bxf3 13. Qxf3 0-0 14. f5 c4 15. Bg5 c3 16. b3 h6 17. Bf4 Ba3 18. Bc1 Bxc1 19. Rfxc1 Qd7 20. g4 Rfe8 21. h4 d5 22. exd5 Qxd5 23. Qxd5 Nxd5 24. a4 Ne3 25. Kf2 Nxg4+ 26. Kg3 Ne3 27. Ra2 Nxf5+ 28. Kg4 Ne3+ 29. Kf3 bxa4 30. Rxa4 Rxa4 31. bxa4 Re5 32. Kf4 f6 33. Rb1 Nxc2 34. Rxb7 Na3 35. Rc7 c2 0-1

[Event "LSS SN-2009-0-00164"]
[Site "LSS email"]
[Date "2009.06.26"]
[Round "?"]
[White "Van Esbroeck, Dirk"]
[Black "Lisnevsky, Alexander"]
[Result "1-0"]
[WhiteElo "1008"]
[BlackElo "909"]
[PlyCount "115"]
[EventDate "2009.06.11"]
[EventType "tourn (corr)"]
[EventRounds "6"]
[EventCountry "GER"]
[SourceTitle "Corr 2013"]
[Source "ChessBase"]
[SourceDate "2012.11.12"]
[SourceVersion "1"]
[SourceVersionDate "2012.11.12"]
[SourceQuality "1"]
[WhiteTeam "US of America"]
[BlackTeam "US of America"]
[WhiteTeamCountry "USA"]
[BlackTeamCountry "USA"]

1. b4 e6 2. Bb2 Nf6 3. b5 b6 4. e3 Bb7 5. Nf3 c5 6. c4 d5 7. Be2 dxc4 8. Bxc4 Bd6 9. 0-0 Nbd7 10. Nc3 Qc7 11. h3 0-0 12. Be2 a6 13. a4 a5 14. Rc1 Ne5 15. Nxe5 Bxe5 16. f4 Bxc3 17. Bxc3 Ne4 18. Bb2 Qd7 19. d3 Ng3 20. Rf2 Rad8 21. Rc3 Be4 22. Bf3 Bxf3 23. Rxf3 Nf5 24. e4 Nh4 25. Rg3 Qd4+ 26. Kh2 Qf2 27. Rc2 Qxf4 28. Bxg7 Ng6 29. Bxf8 Kxf8 30. Qf3 Qxf3 31. Rxf3 Ne5 32. Rg3 Nxd3 33. Rd2 c4 34. Rg5 c3 35. Rc2 Nc5 36. Rg4 Nxa4 37. e5 Rd2 38. Rxd2 cxd2 39. Rd4 d1Q 40. Rxd1 Nc3 41. Rd6 Nd5 42. Rd8+ Kg7 43. Kg3 Nc3 44. Rb8 Nd5 45. Kf3 Kg6 46. Kg4 f5+ 47. exf6 Kxf6 48. Kf3 Kf5 49. g4+ Kg5 50. Kg3 e5 51. Rf8 Ne3 52. Rf3 Nc4 53. h4+ Kg6 54. h5+ Kg5 55. Rf5+ Kh6 56. Kh4 a4 57. Rf7 a3 58. g5# 1-0

[Event "LSS SN-2009-0-00156"]
[Site "LSS email"]
[Date "2009.05.28"]
[Round "?"]
[White "Lisnevsky, Alexander"]
[Black "Jara, Julio Cesar"]
[Result "0-1"]
[WhiteElo "809"]
[BlackElo "992"]
[PlyCount "50"]
[EventDate "2009.05.05"]
[EventType "tourn (corr)"]
[EventRounds "6"]
[EventCountry "GER"]
[SourceTitle "Corr 2011"]
[Source "ChessBase"]
[SourceDate "2010.08.31"]
[SourceVersion "1"]
[SourceVersionDate "2010.08.31"]
[SourceQuality "1"]

1. e4 e5 2. Nf3 Nc6 3. Bb5 a6 4. Bxc6 dxc6 5. d3 Bd6 6. Be3 Nf6 7. Nbd2 b5 8. c3 c5 9. d4 cxd4 10. cxd4 exd4 11. Nxd4 0-0 12. e5 Bxe5 13. Nc6 Qe8 14. Qf3 Bg4 15. Nxe5 Bxf3 16. Nexf3 Nd5 17. 0-0 Nxe3 18. fxe3 Qxe3+ 19. Kh1 Rfe8 20. Rae1 Qd3 21. Rxe8+ Rxe8 22. h3 Re2 23. Rd1 Qc2 24. Re1 Rxe1+ 25. Nxe1 Qxd2 0-1

[Event "IECG CP.2002.P.00094 email"]
[Site "IECG email"]
[Date "2002.10.01"]
[Round "?"]
[White "Lisnevsky, Alexander"]
[Black "Prochazka, Dalibor"]
[Result "0-1"]
[WhiteElo "800"]
[BlackElo "2198"]
[PlyCount "30"]
[EventDate "2002.10.01"]
[EventType "tourn (corr)"]
[EventRounds "6"]
[EventCountry "SVK"]
[SourceTitle "Corr 2008"]
[Source "ChessBase"]
[SourceDate "2008.06.24"]
[SourceVersion "1"]
[SourceVersionDate "2008.06.24"]
[SourceQuality "1"]

1. e4 d5 2. exd5 Nf6 3. c4 e6 4. dxe6 Bxe6 5. Nf3 Qe7 6. Qe2 Nc6 7. b3 0-0-0 8. Ba3 Qd7 9. Bxf8 Rhxf8 10. Ne5 Nxe5 11. Qxe5 Rfe8 12. Qg5 Bg4+ 13. Be2 Bxe2 14. Nc3 h6 15. Qxg7 Qxd2# 0-1

[Event "IECG CP.2002.P.00094 email"]
[Site "IECG email"]
[Date "2002.10.01"]
[Round "?"]
[White "Rossello Padron, Carlos Eduardo"]
[Black "Lisnevsky, Alexander"]
[Result "1-0"]
[WhiteElo "1810"]
[BlackElo "800"]
[PlyCount "25"]
[EventDate "2002.10.01"]
[EventType "tourn (corr)"]
[EventRounds "6"]
[EventCountry "SVK"]
[SourceTitle "Corr 2008"]
[Source "ChessBase"]
[SourceDate "2008.06.24"]
[SourceVersion "1"]
[SourceVersionDate "2008.06.24"]
[SourceQuality "1"]

1. b3 e6 2. Bb2 Nc6 3. e3 d5 4. Bb5 Bd7 5. f4 a6 6. Bxc6 Bxc6 7. Nf3 Be7 8. Bxg7 Bf6 9. Bxh8 Bxa1 10. Bxa1 Nf6 11. Ne5 Qd6 12. Nxc6 bxc6 13. Bxf6 1-0

[Event "IECG CN.2002.0.00305 email"]
[Site "IECG email"]
[Date "2002.08.16"]
[Round "?"]
[White "Venturas, Bob"]
[Black "Lisnevsky, Alexander"]
[Result "0-1"]
[WhiteElo "656"]
[BlackElo "800"]
[PlyCount "76"]
[EventDate "2002.08.16"]
[EventType "tourn (corr)"]
[EventRounds "6"]
[SourceTitle "Corr 2008"]
[Source "ChessBase"]
[SourceDate "2008.06.24"]
[SourceVersion "1"]
[SourceVersionDate "2008.06.24"]
[SourceQuality "1"]

1. e4 e5 2. Nf3 Nc6 3. Bb5 Nf6 4. d3 Bc5 5. Nc3 d6 6. Bg5 0-0 7. Qd2 Nd4 8. Nxd4 Bxd4 9. h4 c6 10. Bc4 b5 11. Bb3 h6 12. Bxh6 gxh6 13. Qxh6 Ng4 14. Qh5 Bxf2+ 15. Ke2 Qf6 16. Raf1 Kg7 17. Nd1 Rh8 18. Qg5+ Qxg5 19. hxg5 Rxh1 20. Rxh1 Bc5 21. c3 Kg6 22. a4 Be6 23. Bxe6 fxe6 24. b4 Bb6 25. a5 Bc7 26. Kf3 Kxg5 27. Rh7 Rf8+ 28. Kg3 Bd8 29. Rxa7 Kh5 30. Ra8 Bh4+ 31. Kh3 Rxa8 32. g3 Bg5 33. Kg2 Ne3+ 34. Nxe3 Bxe3 35. Kf3 Bd2 36. d4 Bxc3 37. g4+ Kg5 38. dxe5 dxe5 0-1